000 00471nam a2200157 i 4500
001 45956
003 ES-MaACL
005 20230906161314.0
007 t|
008 030327s1932 sp ||||1| spa d
100 1 _aCondomines Valls, Francisco de A.
_940147
245 1 3 _aEl Registro Civil y el Derecho nuevo /
_cFrancisco de A. Condomines Valls.
260 _aBarcelona :
_b[s.n.,
_c1932] (
_fImp. Clarassó)
300 _a252 p. ;
_c19 cm.
852 _aES-MaACL
_jF-14531
999 _c45956
_d45956